Finančné rozhodovanie v podmienkach obmedzenej racionality diplomová práca

Saved in:
Bibliographic Details
Main Author: Mihok, Dušan
Corporate Author: Fakulta podnikového manažmentu EU. Katedra podnikových financií
Other Authors: Markovič, Peter, 1974-
Format: Book
Language:Slovak
Published: Bratislava 2015
Tags: Add Tag
No Tags, Be the first to tag this record!

MARC

LEADER 00000nbm a2200000 4500
001 0201223
005 20161212100836.3
041 0 |a slo 
044 |a SK 
245 1 0 |a Finančné rozhodovanie v podmienkach obmedzenej racionality  |b diplomová práca  |c Dušan Mihok ; školiteľ: Peter Markovič 
264 1 |a Bratislava  |c 2015 
300 |a 71 s. 
100 1 |a Mihok, Dušan 
700 1 |a Markovič, Peter, 1974- 
710 2 |a Fakulta podnikového manažmentu EU. Katedra podnikových financií